Poskytovanie investičných stimulov v podmienkach Slovenskej republiky – regionálny pohľad diplomová práca

Gespeichert in:
Bibliographische Detailangaben
1. Verfasser: Slaninková, Lívia
Körperschaft: Národohospodárska fakulta EU. Katedra financií
Weitere Verfasser: Darmo, Ľubomír, 1984-
Format: Buch
Sprache:Slowakisch
Veröffentlicht: Bratislava 2017
Tags: Tag hinzufügen
Keine Tags, Fügen Sie das erste Tag hinzu!

MARC

LEADER 00000nbm a2200000 4500
001 0231952
005 20171127150633.5
041 0 |a slo 
044 |a SK 
245 1 0 |a Poskytovanie investičných stimulov v podmienkach Slovenskej republiky – regionálny pohľad  |b diplomová práca  |c Lívia Slaninková ; školiteľ: Ľubomír Darmo 
264 1 |a Bratislava  |c 2017 
300 |a 93 s. 
100 1 |a Slaninková, Lívia 
700 1 |a Darmo, Ľubomír, 1984- 
710 2 |a Národohospodárska fakulta EU. Katedra financií